Fundamentals of Sports Management/ (Record no. 208615)

MARC details
000 -LEADER
fixed length control field 00667nam a22001937a 4500
005 - DATE AND TIME OF LATEST TRANSACTION
control field 20250120152023.0
010 ## - LCCN (DPL NO)
LC control number ENG-143456
020 ## - INTERNATIONAL STANDARD BOOK NUMBER
Terms of availability 795.00
International Standard Book Number 9788194799719
035 ## - SYSTEM CONTROL NUMBER
System control number EN-126988
037 ## - SOURCE OF ACQUISITION
Source of stock number/acquisition DBAD
082 ## - DEWEY DECIMAL CLASSIFICATION NUMBER
Classification number 796.03
100 ## - MAIN ENTRY--PERSONAL NAME
Personal name Bala, Dr. Suman
245 ## - TITLE STATEMENT
Title Fundamentals of Sports Management/
Statement of responsibility, etc By Dr. Suman Bala
250 ## - EDITION STATEMENT
Edition statement First
260 ## - PUBLICATION, DISTRIBUTION, ETC. (IMPRINT)
Name of publisher, distributor, etc Friends Publications
Date of publication, distribution, etc 2020
Place of publication, distribution, etc 101, 4787/23, Ansari Road, Daryaganj, New Delhi
270 ## - ADDRESS
City New Delhi
Address 101, 4787/23, Ansari Road, Daryaganj, New Delhi
Postal code 110002
Telephone number 9811197091
Electronic mail address friendspublicationsindia@gmail.com
300 ## - PHYSICAL DESCRIPTION
Extent 129p.
Dimensions 25cm (pbk)
942 ## - ADDED ENTRY ELEMENTS (KOHA)
Source of classification or shelving scheme Dewey Decimal Classification
Item type English Books
Classification part 796.03
Call number suffix BAL
Holdings
Withdrawn status Lost status Not for loan Collection code Home library Current library Date acquired Source of acquisition Cost, normal purchase price Full call number Barcode Copy number Cost, replacement price Koha item type
      Non-fiction Vinoba Puri Vinoba Puri 20/01/2025 DBAD 795.00 796.03 BAL EN-126988 1 795.00 English Books

© Delhi Public Library
Hit Counter
free hit counter